000 00501nam a2200157Ia 4500
999 _c19081
_d19081
003 OSt
005 20200625131542.0
008 190216s9999||||xx |||||||||||||| ||und||
040 _coclc
082 _a954
_bPIL/I
100 _aPillai, P G Purushothaman
_93238
245 0 _aIndian Swatantrya Prasthanattinte Charitram Vol 1 /
_cP G Purushothaman Pillai
260 _bKerala Bhasha Institute,
_c1973.
_aTrivandrum:
300 _a498p
942 _cBK
_2ddc
_h954
_iPIL/I
_k954
_mPIL/I